Histoire philosophique et politique des établissemens et du commerce des Européens dans les deux Indes (Record no. 7926)

MARC details
000 -CABECERA
campo de control de longitud fija 01443nam a2200301 a 4500
001 - NÚMERO DE CONTROL
campo de control BRCA_8258
005 - FECHA Y HORA DE LA ÚLTIMA TRANSACCIÓN
campo de control 20190320210211.0
008 - DATOS DE LONGITUD FIJA--INFORMACIÓN GENERAL
campo de control de longitud fija 300514s1780----sz-abe#f##---#001-0#fre-#
041 ## - CÓDIGO DE LENGUA
Código de lengua del texto/banda sonora o título independiente fre
044 ## - CÓDIGO DEL PAÍS DE LA ENTIDAD EDITORA/PRODUCTORA
Código MARC del país sz
050 #4 - SIGNATURA TOPOGRÁFICA DE LA BIBLIOTECA DEL CONGRESO
Número de clasificación D22
Número de documento/Ítem .R39 1780
100 1# - ENTRADA PRINCIPAL--NOMBRE DE PERSONA
Nombre de persona Raynal, Guillaume-Thomas
Fechas asociadas al nombre 1713-1796
9 (RLIN) 20615
245 10 - MENCIÓN DE TÍTULO
Título Histoire philosophique et politique des établissemens et du commerce des Européens dans les deux Indes
Mención de responsabilidad, etc. Par Guillaume-Thomas Raynal.
260 ## - PUBLICACIÓN, DISTRIBUCIÓN, ETC.
Lugar de publicación, distribución, etc. Génova, Suiza
Nombre del editor, distribuidor, etc. Chez Jean-Leonard Pellet
Fecha de publicación, distribución, etc. 1780
300 ## - DESCRIPCIÓN FÍSICA
Extensión 4 vol.
Otras características físicas il., mapas, planos
Dimensiones 26 cm.
500 ## - NOTA GENERAL
Nota general Ejemplares se encuentran en caja fuerte
500 ## - NOTA GENERAL
Nota general Fondo antiguo
500 ## - NOTA GENERAL
Nota general T-30
500 ## - NOTA GENERAL
Nota general Con Ex-libris de: Franz Mayer y C.D´OETTING
500 ## - NOTA GENERAL
Nota general V.1 - V. III Incluye tabla alfabética de materias y tabla de indicaciones
500 ## - NOTA GENERAL
Nota general Nota de encuadernación: en piel, pasta española
505 0# - NOTA DE CONTENIDO CON FORMATO
Nota de contenido con formato Tomos I-IV: Histoire philosophique et politique des établissemens et du commerce des Européens dans les deux Indes.-- Atlas: Atlas des toutes les parties connues du Globe Terrestre, dresse: Histoire philosophique et politique des établissemens et du commerce des Européens dans les deux Indes
506 0# - NOTA DE RESTRICCIONES AL ACCESO
Limitaciones de acceso Fondo reservado: para su consulta es necesario credencial de usuario y carta de motivos
650 14 - PUNTO DE ACCESO ADICIONAL DE MATERIA--TÉRMINO DE MATERIA
Término de materia o nombre geográfico como elemento de entrada Colonización
Subdivisión general Historia
9 (RLIN) 20616
650 14 - PUNTO DE ACCESO ADICIONAL DE MATERIA--TÉRMINO DE MATERIA
Término de materia o nombre geográfico como elemento de entrada Comercio
Subdivisión de forma Paises dominados
Subdivisión general Historia
9 (RLIN) 20617
902 ## - CATALOGADOR
Iniciales LAR
942 ## - ELEMENTOS DE PUNTO DE ACCESO ADICIONAL (KOHA)
Fuente del sistema de clasificación o colocación Library of Congress Classification
Tipo de ítem Koha Libros
Holdings
Estado de retiro Estado de pérdida Estado dañado No para préstamo Localización permanente Ubicación/localización actual Fecha de adquisición Número de inventario Total de préstamos Signatura topográfica completa Código de barras Fecha visto por última vez Precio válido a partir de Tipo de ítem Koha Código de colección
El ejemplar forma parte de la colección y puede ser consultado según las políticas vigentes.       Biblioteca del Museo Franz Mayer (Rogerio Casas-Alatriste) Biblioteca del Museo Franz Mayer (Rogerio Casas-Alatriste) 30/05/2014 T-30   D22 .R39 1780 (T-30) LAR00019 22/03/2019 22/03/2019 Libros  
El ejemplar forma parte de la colección y puede ser consultado según las políticas vigentes.       Biblioteca del Museo Franz Mayer (Rogerio Casas-Alatriste) Biblioteca del Museo Franz Mayer (Rogerio Casas-Alatriste) 21/12/2016 T-30   D22 .R39 1780 (T-30) LAR00020 22/03/2019 22/03/2019 Libros Libros Antiguos y Raros
El ejemplar forma parte de la colección y puede ser consultado según las políticas vigentes.       Biblioteca del Museo Franz Mayer (Rogerio Casas-Alatriste) Biblioteca del Museo Franz Mayer (Rogerio Casas-Alatriste) 21/12/2016 T-30   D22 .R39 1780 (T-30) LAR00021 22/03/2019 22/03/2019 Libros Libros Antiguos y Raros
El ejemplar forma parte de la colección y puede ser consultado según las políticas vigentes.       Biblioteca del Museo Franz Mayer (Rogerio Casas-Alatriste) Biblioteca del Museo Franz Mayer (Rogerio Casas-Alatriste) 21/12/2016 T-30   D22 .R39 1780 (T-30) LAR00022 22/03/2019 22/03/2019 Libros Libros Antiguos y Raros